New York Knicks NBA Finals Starters - Statistics

General Stats
  • This quiz has been taken 286 times
  • The average score is 10 of 24
Answer Stats
Finals Players % Correct
1994 Patrick Ewing
100%
1970, 1972, 1973 Walt Frazier
92%
1970, 1973 Willis Reed
89%
1994 John Starks
78%
1994 Charles Oakley
68%
1999 Allan Houston
65%
1999 Latrell Sprewell
60%
1999 Larry Johnson
59%
1970, 1972, 1973 Dave DeBusschere
56%
1972, 1973 Earl Monroe
56%
1994 Charles Smith
40%
1970, 1972, 1973 Bill Bradley
35%
1999 Charlie Ward
32%
1999 Marcus Camby
30%
1994 Derek Harper
28%
1970 Dick Barnett
25%
1972 Jerry Lucas
22%
1951, 1952, 1953 Dick McGuire
15%
1953 Carl Braun
13%
1951, 1952 Harry Gallatin
13%
1951, 1952 Max Zaslofsky
7%
1952, 1953 Nat Clifton
6%
1951, 1953 Vince Boryla
5%
1951, 1952, 1953 Connie Simmons
4%
No matching quizzes found
Score Distribution
Percent of People with Each Score
Percentile by Number Answered
Your Score History
You have not taken this quiz